000 00227 a2200097 4500
001 16187
100 _aSinger, F L
245 _aEngineering Mechanics Statics and Dynamics
260 _a
_bHarper & Row
_c
090 _c12470
_d12470
942 _aNUST-CAE
_cM
_c2748
999 _c251260
_d251260